00483cam a22001937a 4500003000500000005001700005008004100022010001000063011001000073035001000083040000900093082001600102100002500118245004600143260003800189300002000227650002500247650001700272CHAP20220329140439.0971013c19541942 r 00010 d a52092 a53064 a57214 cCHAP a636.08bW5500aWinters, Lawrence M.13aAn introduction to breedings farm animals aNew York :bWiley,c1954 (c.1942) a250 p.b: ilus.14aAnimales domesticos.14aGanadería.